Environmental good practice on site-training pack. (Record no. 100159)

MARC details
000 -LEADER
fixed length control field 00866cam a2200241 4500
001 - CONTROL NUMBER
control field J103772
008 - FIXED-LENGTH DATA ELEMENTS--GENERAL INFORMATION
fixed length control field 000000n1999 000 0 eng u
035 ## - SYSTEM CONTROL NUMBER
System control number (Sirsi) u103772
050 ## - LIBRARY OF CONGRESS CALL NUMBER
Classification number 614.7
110 ## - MAIN ENTRY--CORPORATE NAME
Corporate name or jurisdiction name as entry element Construction Industry Research and Information Association.
9 (RLIN) 4810
245 ## - TITLE STATEMENT
Title Environmental good practice on site-training pack.
260 ## - PUBLICATION, DISTRIBUTION, ETC.
Place of publication, distribution, etc. London
Name of publisher, distributor, etc. CIRIA
Date of publication, distribution, etc. 1999
300 ## - PHYSICAL DESCRIPTION
Extent 1v. (Loose-leaf) accompanied by a portfolio containing 1 video cassette, 1 CD-ROM, 2 books and 5 leaflets.
650 ## - SUBJECT ADDED ENTRY--TOPICAL TERM
Topical term or geographic name entry element CONSTRUCTION SITES
650 ## - SUBJECT ADDED ENTRY--TOPICAL TERM
Topical term or geographic name entry element Contamination
9 (RLIN) 6231
650 ## - SUBJECT ADDED ENTRY--TOPICAL TERM
Topical term or geographic name entry element POLLUTION
650 ## - SUBJECT ADDED ENTRY--TOPICAL TERM
Topical term or geographic name entry element SITE MANAGEMENT
650 ## - SUBJECT ADDED ENTRY--TOPICAL TERM
Topical term or geographic name entry element WASTE CONTROL
690 ## - LOCAL SUBJECT ADDED ENTRY--TOPICAL TERM (OCLC, RLIN)
Topical term or geographic name as entry element ENVIRONMENTAL AND LAND CONSULTANCY
710 ## - ADDED ENTRY--CORPORATE NAME
Corporate name or jurisdiction name as entry element United Kingdom
Subordinate unit Department of the Environment, Transport and the Regions
9 (RLIN) 3507
710 ## - ADDED ENTRY--CORPORATE NAME
Corporate name or jurisdiction name as entry element Television Education Network
9 (RLIN) 3468
942 ## - ADDED ENTRY ELEMENTS (KOHA)
Suppress in OPAC 0
Holdings
Withdrawn status Lost status Damaged status Not for loan Home library Current library Shelving location Date acquired Total Checkouts Full call number Barcode Date last seen Price effective from Koha item type Public note
        London London Books 04/09/2024   CIRIA REPORTS 30060562 04/09/2024 04/09/2024 Book CIRIA 525